Ładuje się......

PEDOT

Opis bibliograficzny
1. autor: Andreas Elschner
Wydane: CRC Press 2010
LEADER 00179 a2200097 4500
020
260 |b CRC Press  |c 2010 
942 |c BK  |6 _ 
245 |a PEDOT 
100 |a Andreas Elschner 
999 |c 61583  |d 61583